Mignon è partita /

Uloženo v:
Podrobná bibliografie
Hlavní autoři: Gatto, Roberto, (1958- ) (Skladatel), Lena, Battista (Skladatel)
Další autoři: Archibugi, Francesca (Režisér, Scénárista), Sandrelli, Stefania (Herec), Presle, Micheline (Herec), Ruta, Leonardo (Herec), Dapporto, Massimo (Herec), Duriez, Jean Pierre (Herec), Beauvallet, Celine (Herec), Malatesta, Gloria (Scénárista), Sbarigia, Claudia (Scénárista), Verga, Luigi (Fotograf)
Médium: Video
Jazyk:italština
Vydáno: [Roma] : L'Unità, 1996
Edice:Cinema Italia ; 14
Tagy: Přidat tag
Žádné tagy, Buďte první, kdo vytvoří štítek k tomuto záznamu!

MARC

LEADER 00000ngm a22000007i 4500
001 IT\ICCU\RAV\0279013
003 ItRI
005 20260124182815.0
008 960913s1996 it |||||||||||||||k|||||c
040 |b ita 
041 7 |a ita  |2 ISO-639-2 
082 |a 791.43658CS  |9 CINEMA. TIPI DI FILM. FILM DI COSTUME  |2 20 
130 0 |a Mignon è partita <film ; 1988>  |3 IT\ICCU\MOD\0891651 
245 0 0 |a Mignon è partita /  |c regia di Francesca Archibugi ; scritto da Francesca Archibugi, Gloria Malatesta, Claudia Sbarigia ; fotografia Luigi Verga ; musiche di Roberto Gatto, Battista Lena. 
246 1 3 |a Mignon é partita <videoregistrazione>  |9 IT\ICCU\MOD\0891652 
260 |a [Roma] :  |b L'Unità,  |c 1996 
300 |a 1 videocassetta (VHS) (94 min.) :  |b color., son 
500 |a Tit. del contenitore 
500 |a Film del 1988, Italia; interpreti: Stefania Sandrelli, Jean Pierre Duriez, Leonardo Ruta, Celine Beauvallet, Massimo Dapporto, Micheline Presle 
500 |a Pubblicato e distribuito su autorizzazione Dania film 
500 |a Suppl. a: L'Unità. 
700 1 |a Archibugi, Francesca  |0 IT\ICCU\CFIV\139717  |4 drt 
700 1 |a Archibugi, Francesca  |0 IT\ICCU\CFIV\139717  |4 sce 
700 1 |a Sandrelli, Stefania  |0 IT\ICCU\RAVV\088757  |4 act 
700 1 |a Presle, Micheline  |0 IT\ICCU\RAVV\093074  |4 act 
700 1 |a Gatto, Roberto,  |d  (1958- )  |0 IT\ICCU\RAVV\107783  |4 cmp 
700 1 |a Ruta, Leonardo  |0 IT\ICCU\SBLV\157613  |4 act 
700 1 |a Dapporto, Massimo  |0 IT\ICCU\UBOV\483834  |4 act 
700 1 |a Duriez, Jean Pierre  |0 IT\ICCU\UBOV\523083  |4 act 
700 1 |a Beauvallet, Celine  |0 IT\ICCU\UBOV\751250  |4 act 
700 1 |a Malatesta, Gloria  |0 IT\ICCU\UFIV\120628  |4 sce 
700 1 |a Sbarigia, Claudia  |0 IT\ICCU\UFIV\120629  |4 sce 
700 1 |a Verga, Luigi  |0 IT\ICCU\UFIV\120630  |4 pht 
700 1 |a Lena, Battista  |0 IT\ICCU\UFIV\121219  |4 cmp 
791 2 |a Roberto Gatto Quintet  |3 IT\ICCU\LO1V\315192  |y Gatto, Roberto (1958- ) 
791 2 |a Roberto Gatto quartet (gruppo musicale)  |3 IT\ICCU\RAVV\685611  |y Gatto, Roberto (1958- ) 
830 0 |a Cinema Italia ;  |v 14  |0 IT\ICCU\RAV\0278975 
942 |2 ddc  |c VM  |n 0 
952 |0 0  |1 0  |4 0  |6 VO_889_000000000000000  |7 0  |9 26613  |a BO  |b BO  |d 2026-01-24  |i 7852  |l 0  |o VO 889  |p BO7852  |r 2026-01-24 18:28:15  |w 2026-01-24  |x [Sebina 5] [1 videocassetta]  |y VM  |z 1 videocassetta 
999 |c 22508  |d 22508